| 000 | 00610cam a22001815a 4500 | ||
|---|---|---|---|
| 001 | ##J100648 | ||
| 008 | 000000s1882 000 0 eng u | ||
| 035 | _a(Sirsi) u100648 | ||
| 041 | 0 | _aeng | |
| 050 | 0 | 4 | _a333.0062 $2 18 |
| 110 | 2 |
_aSurveyors' Institution _93783 |
|
| 245 | 0 | 0 |
_aCharter of the Surveyors' Institution _bfounded June 15th 1868 _bincorporated by Royal Charter, August 26th 1881 |
| 260 |
_a[S.l.] _b[s.n.] _c1882 |
||
| 300 |
_a27p. _c22cm. |
||
| 520 | _aFirst edition of RICS' Royal Charter | ||
| 690 | _aABOUT RICS-RICS STRUCTURE AND GOVERNANCE-RICS ROYAL CHARTER AND BYE-LAWS | ||
| 942 | _n0 | ||
| 999 |
_c99734 _d99734 |
||